| 000 | 01156nam0a22002891 4500 | ||
|---|---|---|---|
| 001 | RU\NLR\INFOCOMM_161\5000028071 | ||
| 005 | 20250613090329.0 | ||
| 035 | _a(NLR Aleph) 009063436 | ||
| 090 |
_a7877996 _c7877996 |
||
| 100 | _a20081012d1979 |||y0rusy50 ca | ||
| 101 | 0 |
_aeng _drus |
|
| 102 | _aRU | ||
| 105 | _aa ||||000|y | ||
| 200 | 1 |
_aAnalysis of the production mechanism of hadrow enhancements in the effective mass spectrum (π⁺π⁻) in the reaction np - d π⁺π⁻ at a neutron incident momentum of P_n=1.73 GeV/c _fBy A. Abdivaliev, C. Besliu, F. Cotorobai a. o. |
|
| 210 |
_aДубна _cОИЯИ _d1979 |
||
| 215 |
_a12 с. _cил. _d21 см |
||
| 225 | 1 |
_a[Издания] _fОбъед. ин-т ядер. исслед. _vЕ1-12903 |
|
| 300 | _aРез. на рус. яз. | ||
| 320 | _aБиблиогр.: с. 12 | ||
| 606 |
_aНейтроны _xВзаимодействие с протонами _xСпектры эффективных масс _2nlr_sh1 |
||
| 686 |
_aВ382.31 _2rubbk |
||
| 701 | 1 |
_aAbdivaliev _bA. _4070 |
|
| 801 | 1 |
_aRU _bNLR _c20081012 |
|
| 801 | 0 |
_aRU _bNLR _gPSBO |
|
| 852 |
_aNLR _jП11/2061 |
||
| 942 | _cBOOK | ||
| 980 | _aNB | ||